000 00737cam a22002413a 4500
001 1755
003 PGUSA
005 20140828083006.0
008 990501s1999||||xxu|||||s|||||000 | eng d
040 _aPGUSA
_beng
042 _adc
050 4 _aPG
100 1 _aChekhov, Anton Pavlovich,
_d1860-1904
245 1 0 _aIvanoff :
_bA Play
_h[electronic resource] /
_cAnton Pavlovich Chekhov
260 _bProject Gutenberg,
_c1999
506 _aPublic domain in the USA.
516 _aElectronic text
653 _aRussia -- Social life and customs -- 19th century -- Drama
653 _aRussian drama -- Translations into English
830 0 _aProject Gutenberg
_v1755
856 4 0 _uhttp://www.gutenberg.org/ebooks/1755
942 _cEB
999 _c231101
_d231101